000 00604nam a2200205Ii 4500
001 23059
003 CO-ViMGA
008 241108s9999||||xx |||||||||||||| ||und||
040 _aCO-ViMGA
_bspa
_erda
_cCO-ViMGA
041 0 _aspa
084 _aT SHA1r
100 1 _aShakespeare, William,
_d1564-1616.
_938426
245 1 0 _aRomeo y Julieta
264 1 _aBogotá, Colombia : Instituto Nacional para Ciegos, 2019
300 _avolumen
336 _atext
_btxt
_2rdacontent
337 _aunmediated
_bn
_2rdamedia
338 _avolume
_bnc
_2rdacarrier
940 _aidficha_siabuc: 22036. -- ficha_no_siabuc:23059
999 _c46890
_d46890